Sankce proti Rusku zasáhly i evropské banky

Vpád Ruska na Ukrajinu, sankcie proti Rusku, výrazné straty rubľa a ruských bánk. Dopad vpádu Ruska na Ukrajinu na európske bankové sústavy. Pád banky Sberbank v Európe aj v Česku.

Enregistré dans:
Détails bibliographiques
Auteur principal: Cechl, Pavel
Format: Chapitre de livre
Langue:tchèque
Sujets:
Tags: Ajouter un tag
Pas de tags, Soyez le premier à ajouter un tag!

MARC

LEADER 00000naa a2200000 4500
001 0282954
005 20240417075200.9
041 0 |a cze 
044 |a CZ 
245 1 0 |a Sankce proti Rusku zasáhly i evropské banky  |c Pavel Cechl 
520 |a Vpád Ruska na Ukrajinu, sankcie proti Rusku, výrazné straty rubľa a ruských bánk. Dopad vpádu Ruska na Ukrajinu na európske bankové sústavy. Pád banky Sberbank v Európe aj v Česku. 
610 2 0 |a banky 
610 2 0 |a sankcie 
610 2 0 |a akcie 
610 2 0 |a systémy platobné 
610 2 0 |a trh finančný 
610 2 0 |a Európa 
610 2 0 |a Rusko 
610 2 0 |a Ukrajina 
100 1 |a Cechl, Pavel